Lịch sử chủ nghĩa Mác; T2

Na minha lista:
Detalhes bibliográficos
Autor principal: Trang Phúc Linh
Formato: Livro
Idioma:Undetermined
Publicado em: H. CTQG
Assuntos:
Tags: Adicionar Tag
Sem tags, seja o primeiro a adicionar uma tag!
Thư viện lưu trữ: Trung tâm Học liệu Trường Đại học Cần Thơ
LEADER 00520nam a2200181Ia 4500
001 CTU_56033
008 210402s9999 xx 000 0 und d
020 |b 115000 
082 |a 320.5322 
082 |b L312/T2 
100 |a Trang Phúc Linh 
245 0 |a Lịch sử chủ nghĩa Mác; T2 
245 0 |c Trang Phúc Linh; Lê Cự Lộc ... [et al.] biên dịch 
260 |a H. 
260 |b CTQG 
650 |a marxism-leninism 
904 |i Minh 
980 |a Trung tâm Học liệu Trường Đại học Cần Thơ